Psicodrama con niñas abusadas sexualmente en el contexto de un centro terapéutico /

El artículo explora el uso del psicodrama como enfoque terapéutico para niñas que han sido víctimas de abuso sexual, en el entorno de un centro terapéutico. La autora examina cómo el psicodrama puede ser una herramienta efectiva para abordar las experiencias traumáticas y promover la recuperación de...

Olles dieđut

Furkejuvvon:
Bibliográfalaš dieđut
Váldodahkki: Rojas, Kattia
Materiálatiipa: Texto
Giella:Spanish
Fáttát:
Fáddágilkorat: Lasit fáddágilkoriid
Eai fáddágilkorat, Lasit vuosttaš fáddágilkora!

MARC

LEADER 00000 a a2200000 04500
001 46740
003 cru IIS
005 20230903101135.0
008 230830b |||||||| |||| 00| 0 spa d
040 |c A 
100 |a Rojas, Kattia  
245 |a Psicodrama con niñas abusadas sexualmente en el contexto de un centro terapéutico /  |c Kattia Rojas  
520 |a El artículo explora el uso del psicodrama como enfoque terapéutico para niñas que han sido víctimas de abuso sexual, en el entorno de un centro terapéutico. La autora examina cómo el psicodrama puede ser una herramienta efectiva para abordar las experiencias traumáticas y promover la recuperación de las niñas. Se destacan las dinámicas de grupo y la expresión dramática como formas de ayudar a las niñas a procesar sus experiencias, reconstruir su autoestima y fortalecer su resiliencia. El artículo ofrece una visión enriquecedora sobre la aplicación del psicodrama en un contexto de terapia con niñas abusadas sexualmente. RAR 08/2023 
650 0 |2 UNESCO  |9 5790  |a PSICOTERAPIA 
773 |g número6 ( , 2002), páginas 70-79  
942 |2 ddc  |c TE 
999 |c 38760  |d 38760